Central Library OPAC University of Rajshahi

Communication for development in the Third World : (Record no. 3919)

MARC details
000 -LEADER
fixed length control field 01058cam a2200289 a 4500
001 - CONTROL NUMBER
control field 3919
003 - CONTROL NUMBER IDENTIFIER
rucl marc code BD-RjUL
005 - DATE AND TIME OF LATEST TRANSACTION
control field 20211208233812.0
008 - FIXED-LENGTH DATA ELEMENTS--GENERAL INFORMATION
fixed length control field 001130s2001 ii ab b 001 0 eng
020 ## - INTERNATIONAL STANDARD BOOK NUMBER
International Standard Book Number 0761994750 (cloth)
International Standard Book Number 0761994769 (pbk.)
035 ## - SYSTEM CONTROL NUMBER
System control number (BD-RjUL)3953
040 ## - CATALOGING SOURCE
Original cataloging agency DLC
Transcribing agency DLC
Modifying agency DLC
-- BD-RjUL
Language of cataloging eng
041 ## - LANGUAGE CODE
Language code of text/sound track or separate title eng
082 00 - DEWEY DECIMAL CLASSIFICATION NUMBER
Classification number 338.90091724
Edition number 21
Author mark and year MEC 2004
100 1# - MAIN ENTRY--PERSONAL NAME
Personal name Melkote, Srinivas R.,
Dates associated with a name 1952-
9 (RLIN) 12495
245 10 - TITLE STATEMENT
Title Communication for development in the Third World :
Remainder of title theory and practice for empowerment /
Statement of responsibility, etc. Srinivas R. Melkote, H. Leslie Steeves.
250 ## - EDITION STATEMENT
Edition statement 2nd ed.
260 ## - PUBLICATION, DISTRIBUTION, ETC. (IMPRINT)
Place of publication, distribution, etc. New Delhi :
-- Thousand Oaks, CA :
Name of publisher, distributor, etc. Sage Publications,
Date of publication, distribution, etc. c2001 [Reprint 2004].
300 ## - PHYSICAL DESCRIPTION
Pagination 422 p. :
Illustrations ill. ;
Size 23 cm.
504 ## - BIBLIOGRAPHY, ETC. NOTE
Bibliography, etc Includes bibliographical references (p. [379]-408) and index.
650 #0 - SUBJECT ADDED ENTRY--TOPICAL TERM
Topical term or geographic name as entry element Communication in economic development
Geographic subdivision Developing countries.
9 (RLIN) 12496
651 #0 - SUBJECT ADDED ENTRY--GEOGRAPHIC NAME
Geographic name Developing countries
General subdivision Economic policy.
9 (RLIN) 12497
700 1# - ADDED ENTRY--PERSONAL NAME
Personal name Steeves, H. Leslie.
942 ## - ADDED ENTRY ELEMENTS (KOHA)
Source of classification or shelving scheme Dewey Decimal Classification
Koha item type Books
Holdings
Lost status Source of classification or shelving scheme Damaged status Not for loan Collection code Permanent Location Current Location Shelving location Date acquired Source of acquisition Cost, normal purchase price Total Checkouts Full call number Date last seen Date checked out Copy number Koha item type
  Dewey Decimal Classification     Non-fiction Central Library, University of Rajshahi Central Library, University of Rajshahi   05/03/2006 Paragon enter prises 350.00 1 338.90091724 MEC 2004 25/04/2019 23/04/2019 C-3 Books
  Dewey Decimal Classification     Non-fiction Central Library, University of Rajshahi Central Library, University of Rajshahi   05/03/2006 Dhaka, paragon enterprizes ltd 350.00   338.90091724 MEC 2004 20/04/2014   C-4 Books
  Dewey Decimal Classification     Non-fiction Central Library, University of Rajshahi Central Library, University of Rajshahi   05/03/2006 Dhaka, paragon enterprizes ltd 350.00   338.90091724 MEC 2004 06/09/2016   C-5 Books
  Dewey Decimal Classification   Not For Loan Non-fiction Central Library, University of Rajshahi Central Library, University of Rajshahi Reading Room 05/03/2006 Dhaka, Paragon Enterpries Ltd. 350.00   338.90091724 MEC 2004 19/12/2016   C-1 Books
  Dewey Decimal Classification     Non-fiction Central Library, University of Rajshahi Central Library, University of Rajshahi   20/09/2010 Paragon Enterprises Dhaka 475.00   338.90091724 MEC 2004 22/12/2016   C-6 Books